00715nam a2200241 a 4500001001300000003000900013005001700022008004100039020002300080082002100103100002100124245002100145260004400166300001000210500003500220505001000255650002100265700002100286902000800307942000700315952013400322999001700456nice12345678IN_TiNIC20260116014720.0131108s2012 lona grp 000 0 eng  a9780198078548c67500a323.3970954bROB aRobinson, Rowena aMinority Studies aLondan bOxford University Press c2012 a319p  aincludes index and biblioraphy2 aIndex aMinorities-India1 aRobinson, Rowena bSRS cBK 001040708StackRoom-aHMIbHMId2013-11-08g675.00l1o323.3970954 ROBp024182r2019-08-05s2019-07-31v675.00w2013-11-08yBK c16611d16611